| 000 | 00637nam a2200205 a 4500 | ||
|---|---|---|---|
| 003 | OSt | ||
| 005 | 20240226095345.0 | ||
| 008 | 180219t2014 pk ||||| |||| 000 d urd d | ||
| 020 | _a9789693516371 | ||
| 040 | _c0 | ||
| 082 |
_a891.4392 _bISH 2014 |
||
| 100 | 1 |
_aاشفاق احمد _948655 |
|
| 245 | 1 | 0 |
_aاچےبرج لاہوردے _cIshfaq Ahmad |
| 246 | _aOuchay Burj Lahore Day | ||
| 260 |
_aLahore: _bSang e Meel Pub; _c2014. |
||
| 300 | _a728 p. | ||
| 650 |
_aUrdu literature _vDrama _9676 |
||
| 942 |
_2ddc _cBK _aSADA _k891.4392 ISH 2014 |
||
| 999 |
_c608128 _d608128 |
||